Movies Quiz

Random Movies or Actor Quiz

You're New in the Sequel (Comedies) III Quiz Stats

Quiz not verified by Sporcle

Challenge
Share
Tweet
Embed
Score 0/20 Timer 06:00
0 Plays Today
% Correct
Clerks II
82.1%
Look Who’s Talking Now
75.6%
After the Thin Man
62.8%
Naked Gun 33 1|3: The Final Insult
55.1%
Night at the Museum: Secret of the Tomb
52.6%
The Hangover Part III
52.6%
Sharknado 3: Oh Hell No!
51.3%
Hot Shots! Part Deux
48.7%
Evan Almighty
47.4%
Dumb and Dumber To
42.3%
% Correct
National Lampoon’s European Vacation
42.3%
House Party 2
41%
Miss Congeniality 2: Armed and Fabulous
39.7%
Ride Along 2
37.2%
Revenge of the Nerds II: Nerds in Paradise
35.9%
Bill & Ted’s Bogus Journey
34.6%
Fletch Lives
33.3%
Paul Blart: Mall Cop 2
26.9%
Short Circuit 2
24.4%
Crocodile Dundee in Los Angeles
21.8%

You're not logged in!

Compare scores with friends on all Sporcle quizzes.
Join for Free
OR
Log In

You Might Also Like...

Show Comments

Extras

Top Quizzes Today


Score Distribution

Your Account Isn't Verified!

In order to create a playlist on Sporcle, you need to verify the email address you used during registration. Go to your Sporcle Settings to finish the process.

Report this User

Report this user for behavior that violates our Community Guidelines.

Details: